000 00653nam a22002297a 4500
003 UA-OsUOA
001 87595
007 ta
008 20120920b un ||||| |||| 00| 0 ukr d
100 _aВоробкевич С.
090 _a821.161.2
_bВ75
942 _cBK
040 _aUA-OsUOA
_bukr
_cUA-OsUOA
_dUA-OsUOA
245 _aВісім чи дев'ять?
_bсміховинки про Безглуздів
300 _a55 с.
955 _a3
041 _aukr
080 _a821.161.2
260 _aУжгород
_bКарпати
_c1971
650 7 _a82 Література. Літературознавство
_2UDC
999 _c373763
_d373763